000
00480nam a2200145Ia 4500
008
100204s9999 xx 000 0 und d
082
_b
14868
100
_a
नाईक गुरुनाथ
245
_a
सैतानाची वेल
260
_b
"बांदोडकर पब्लिशिंग हाऊस, गोवा"
300
_a
194
630
_a
सैतानाची वेल
730
_a
सैतानाची वेल
942
_c
BOOK
999
_c
459299
_d
459296